01616nam a2200409 i 450000100060000000300080000600500170001400600190003100700150005000800410006503500230010603500240012903500250015303500210017804000310019905000200023008000110025008200150026110000170027624501650029326400490045830000640050733600310057133700330060233800430063550001150067850400290079358801250082265000350094765000330098265000150101565000270103065100120105765500270106970000480109685600620114485485FlNmELB20241217171409.0m o d | cr cnu||||||||170310s2015 cu a ob 000 0 spa d a(MiAaPQ)EBC4775814 a(Au-PeEL)EBL4775814 a(CaPaEBR)ebr11322468 a(OCoLC)992033244 aFINmELBbspaerdacFINmELB 4aQD40bG138 2015 a54(07)0 a540.712231 aGaila, Joao.13aEl aprendizaje significativo de la química general en el Instituto Medio Industrial de Luanda /cJoao Gaila ; tutor: Dr. C. Cayetano Alberto Caballero Camejo. 1aLa Habana :bEditorial Universitaria,c2015. a1 recurso en línea (viii, 173 páginas) :bilustraciones atextobtxt2rdacontent/spa acomputadorabc2rdamedia/spa arecurso en líneabcr2rdacarrier/spa aTesis (Doctor en Ciencias Pedagógicas)--Universidad de Ciencias Pedagógicas "Enrique José Varona", 2015. aContiene bibliografía. aDescripción basada en recurso en línea; Título de la página del título en PDF (e-libro, visto March 10, 2017). 0aChemistryxStudy and teaching. 0aTechnical educationzAngola. 4aQuímica. 4aEducación técnica. 4aAngola. 4aLibros electrónicos.1 aCaballero Camejo, Cayetano Alberto,etutor.40uhttps://elibro.net/ereader/politecnicointernacional/86629